[Event "Petersburg Summer Blitz 2013"]
[Site "St Petersburg RUS"]
[Date "2013.08.28"]
[Round "9.2"]
[White "Matlakov,M"]
[Black "Goganov,A"]
[Result "1/2-1/2"]
[WhiteElo "2676"]
[BlackElo "2577"]

1.Nf3 Nf6 2.c4 g6 3.g3 Bg7 4.Bg2 O-O 5.O-O c5 6.Nc3 d5 7.cxd5 Nxd5 8.Qa4 Nc7
9.d3 Nc6 10.Qh4 e5 11.Be3 Qxh4 12.Nxh4 Nd4 13.Rac1 Rb8 14.Bxd4 exd4 15.Ne4 b6
16.b4 Na6 17.bxc5 Nxc5 18.Nxc5 bxc5 19.Rxc5 Re8 20.Rfc1 Be6 21.Ra5 Rb2 22.Bf3 Bh6
23.Ra1 Bh3 24.Ng2 Reb8 25.Rf1 Rb1 26.e4 dxe3 27.fxe3 Rxf1+ 28.Kxf1 Bxe3 29.Ke2 Bb6
30.Re5 Be6 31.a4 Rc8 32.Nf4 Rc2+ 33.Kd1 Bb3 34.Bd5 Rc5+ 35.Ke2 Bxa4 36.d4 Rc2+
37.Kd3 Rxh2 38.Re7 Bc2+ 39.Kc4 Kg7 40.Rxf7+ Kh6 41.Re7 Bf5 42.Bg8 Kg5 43.d5 Rc2+
44.Kb3 Rc8 45.Bxh7 Bc5 46.Rb7 Bd6 47.Rxa7 Rb8+ 48.Kc4 Rc8+ 49.Kb5 Rc5+ 50.Kb6 Rc3
51.Rf7 Rxg3 52.Ne6+ Kg4 53.Rg7 Be5 54.Rg8 Rb3+ 55.Kc5 Rc3+ 56.Kb4 Rd3 57.Bxg6 Bxg6
58.Rxg6+ Kf5 59.Rg5+ Kf6 60.Kc4 Rc3+ 61.Kb5 Rd3 62.Kc6 Rc3+ 63.Kb7 Rb3+ 64.Kc8 Rd3
65.Rh5  1/2-1/2

[Event "TCh-SRB 1st League w 2013"]
[Site "Kragujevac SRB"]
[Date "2013.08.29"]
[Round "6.4"]
[White "Nonkovic,B"]
[Black "Dragasevic,A"]
[Result "1-0"]
[WhiteElo "2078"]
[BlackElo "2153"]

1.Nf3 Nf6 2.c4 g6 3.g3 Bg7 4.Bg2 O-O 5.O-O d5 6.cxd5 Nxd5 7.d4 c6 8.e4 Nc7
9.Nc3 Nd7 10.Be3 Nf6 11.h3 h6 12.Qb3 b6 13.Ne5 Be6 14.Qc2 Qe8 15.Rfd1 Rc8
16.Qa4 b5 17.Qxa7 b4 18.Na4 Nb5 19.Qc5 b3 20.Nb6 Rc7 21.a4 Nd6 22.f3 Nb7
23.Qc3 Nd7 24.Nexd7 Bxd7 25.Qxb3 Nd6 26.Qc2 Rb7 27.a5 Nb5 28.f4 Qb8 29.Nxd7 Rxd7
30.e5 Na7 31.Rd3 Rc8 32.a6 Rdc7 33.Rb3 Nb5 34.Qc5 e6 35.Bxc6 Rxc6 36.Qxb5 Qc7
37.a7  1-0

[Event "78th ch-ESP 2013"]
[Site "Linares ESP"]
[Date "2013.08.29"]
[Round "1.16"]
[White "Recuero Guerra,D"]
[Black "Bazan Solera,M"]
[Result "1-0"]
[WhiteElo "2454"]
[BlackElo "2007"]

1.Nf3 Nf6 2.c4 g6 3.g3 Bg7 4.Bg2 O-O 5.O-O d6 6.Nc3 Nc6 7.d3 e5 8.Rb1 a5
9.a3 Re8 10.Bg5 h6 11.Bxf6 Bxf6 12.b4 axb4 13.axb4 Bg7 14.b5 Ne7 15.Qc2 c6
16.Nd2 Be6 17.Rfc1 d5 18.Qd1 f5 19.bxc6 bxc6 20.cxd5 cxd5 21.Nb3 Rc8 22.d4 Rc4
23.e3 f4 24.Nc5 Bf7 25.exf4 Rxd4 26.Qe1 e4 27.Nb5 Rc4 28.Rxc4 dxc4 29.Nb7 Qd7
30.N7d6 Rb8 31.Bxe4 Nf5 32.Rd1 Nxd6 33.Nxd6 Rd8 34.Bc2 Qe6 35.Ne4 Re8 36.h4 Qc6
37.Qe3 Kh8 38.Kh2 Bd5 39.Re1 Qb5 40.Qd2 Qb2 41.Qxd5 Qxc2 42.Qc6 Rxe4 43.Qxe4 Qxf2+
44.Kh3 h5 45.Qe3 Qc2 46.Qe8+ Kh7 47.Qe4 Qd2 48.Re2 Qd7+ 49.Kh2 c3 50.Kg2 Qd6
51.f5 Qf6 52.Rf2 Kh6 53.Qe3+ Kh7 54.Qe4 Kh6 55.Rf3 Kh7 56.fxg6+ Qxg6 57.Rf5 Bf6
58.Rxh5+ Kg7 59.Qxg6+ Kxg6 60.Rc5 Bd4 61.Rc4 Be5 62.Kf3 Bh8 63.g4 Bg7 64.Rc6+  1-0

[Event "TCh-SRB 1st League w 2013"]
[Site "Kragujevac SRB"]
[Date "2013.08.31"]
[Round "8.5"]
[White "Nonkovic,B"]
[Black "Stojanovic,Andj"]
[Result "1-0"]
[WhiteElo "2078"]
[BlackElo "2303"]

1.Nf3 Nf6 2.c4 g6 3.g3 Bg7 4.Bg2 O-O 5.O-O d6 6.d4 Nc6 7.d5 Na5 8.Qa4 c5
9.Bd2 b6 10.Bc3 Bd7 11.Qc2 b5 12.cxb5 Bxb5 13.Rd1 Nb7 14.e4 a5 15.e5 Ng4
16.Qe4 Nxe5 17.Nxe5 dxe5 18.Bxe5 Nd6 19.Qe1 Bxe5 20.Qxe5 Rb8 21.Na3 Ba6 22.Rac1 Qc7
23.Rd2 Qa7 24.Qc3 Nb7 25.Qe3 Rfe8 26.Bh3 Rbd8 27.Nc4 Bxc4 28.Rxc4 Qa6 29.Bf1 Qd6
30.Re4 c4 31.Rxc4 Rc8 32.Rc3 Rxc3 33.Qxc3 Rd8 34.Bb5 Qb6 35.Qc6 Rd6 36.Qxb6 Rxb6
37.Bc6 Nd6 38.b3 Rb4 39.Rc2 Rb6 40.Rc5 Ra6 41.Ba4 Ra7 42.Kf1 Kg7 43.Ke2 Kf6
44.Kd3 g5 45.Rc2 Ke5 46.Bc6 Nc8 47.Kc4 a4 48.b4 Kd6 49.Kb5 a3 50.Re2 Rc7
51.Rc2 e6 52.Rd2 Na7+ 53.Ka4 Nc8 54.dxe6+ Kxe6 55.Bd5+ Ke5 56.Kxa3 Rd7 57.Rc2 Nd6
58.Bc6 Ra7+ 59.Kb3 Nf5 60.Rc5+ Ke6 61.a4 Nd4+ 62.Kc4 Nc2 63.a5 Kd6 64.Be4  1-0

[Event "TCh-ROU w 2013"]
[Site "Mamaia ROU"]
[Date "2013.08.31"]
[Round "1.3"]
[White "Anusca,M"]
[Black "L'Ami,Alina"]
[Result "1/2-1/2"]
[WhiteElo "2042"]
[BlackElo "2358"]

1.Nf3 Nf6 2.g3 g6 3.c4 Bg7 4.Bg2 O-O 5.O-O d6 6.Nc3 Nc6 7.d4 Bf5 8.b3 Ne4
9.Bb2 Nxc3 10.Bxc3 Be4 11.Qd2 d5 12.Rfd1 e6 13.Rac1 Re8 14.Qb2 Ne7 15.Nd2 Bxg2
16.Kxg2 h5 17.e4 h4 18.e5 Bh6 19.Rb1 Kg7 20.Nf3 hxg3 21.hxg3 Rh8 22.Rh1 Rc8
23.c5 b6 24.Rbd1 bxc5 25.dxc5 Qd7 26.Rd4 Nf5 27.Ra4 d4 28.Bxd4 Qd5 29.Bc3 Be3
30.Rxh8 Rxh8 31.Bd2 Bxc5 32.Bg5 Rh1 33.Qd2 Rd1 34.Qxd5 exd5 35.Bf6+ Kf8 36.Rf4 Ke8
37.g4 Ne7 38.b4 Bb6 39.Bxe7 Kxe7 40.a4 a5 41.bxa5 Bxa5 42.Ng5 Ke8 43.Rxf7 Re1
44.e6 d4 45.Rd7 c5 46.f3 Rxe6 47.Nxe6 Kxd7 48.Nxc5+ Kc6 49.Nd3 Kd5 50.Kf2 g5
51.Ke2 Bc7 52.Nb2 Ke5 53.Nc4+ Kf4 54.Nd2 Ba5 55.Nb3 Bb6 56.Nc1 Ba5 57.Nd3+ Kg3
58.Ne5 Bc7 59.Nd3 Ba5 60.Nc5 Bb6 61.Nd7 Bc7 62.Nc5 Bb6 63.Ne6 d3+ 64.Kxd3 Kxf3
65.Nxg5+ Kxg4 66.Ne6 Kf5 67.Nf8 Ba7 68.Kc4 Ke5 69.Kb5 Kd6 70.Ka6  1/2-1/2

[Event "12th Kesarovski Mem"]
[Site "Sunny Beach BUL"]
[Date "2013.08.31"]
[Round "1.14"]
[White "Hadzimanolis,A"]
[Black "Trent,L"]
[Result "0-1"]
[WhiteElo "2304"]
[BlackElo "2429"]

1.Nf3 Nf6 2.c4 g6 3.g3 Bg7 4.Bg2 O-O 5.O-O d6 6.d4 Nbd7 7.Nc3 e5 8.h3 a6
9.Be3 exd4 10.Nxd4 h6 11.Qd2 Kh7 12.Rad1 Re8 13.Nc2 Ne5 14.b3 Nc6 15.c5 dxc5
16.Qxd8 Nxd8 17.Bxc5 Ne6 18.Ba3 Ng5 19.g4 Nxg4 20.Nd5 Rxe2 21.Nxc7 Rb8 22.hxg4 Rxc2
23.f4 Bxg4 24.fxg5 Rxc7 25.Bd6 Rd7 26.Bxb8 Bxd1 27.Bxb7 a5  0-1

[Event "TCh-SRB 1st League w 2013"]
[Site "Kragujevac SRB"]
[Date "2013.09.02"]
[Round "10.4"]
[White "Nonkovic,B"]
[Black "Bojicic,Andjela"]
[Result "1-0"]
[WhiteElo "2078"]
[BlackElo "1733"]

1.Nf3 Nf6 2.c4 g6 3.g3 Bg7 4.Bg2 O-O 5.O-O d6 6.d4 Nc6 7.d5 Na5 8.Nfd2 c5
9.a3 Ng4 10.Ra2 Ne5 11.Qc2 b6 12.b4 Nb7 13.Bb2 Bg4 14.f3 Bd7 15.f4 Ng4 16.Bxg7 Kxg7
17.h3 Nf6 18.e4 Qc7 19.Qb2 Kg8 20.Nc3 cxb4 21.axb4 a5 22.b5 Nc5 23.Ne2 Nd3
24.Qd4 Nc5 25.Qe3 Rac8 26.Nd4 e6 27.e5 Nh5 28.Nc6 Bxc6 29.bxc6 Ng7 30.g4 Rfe8
31.Nf3 a4 32.Nd4 exd5 33.cxd5 Qe7 34.Re2 Red8 35.Nb5 Ne8 36.Rfe1 Kf8 37.Qc3 Kg8
38.exd6  1-0

[Event "TCh-ROU 2013"]
[Site "Mamaia ROU"]
[Date "2013.09.02"]
[Round "3.2"]
[White "Petrisor,A"]
[Black "Berkes,F"]
[Result "0-1"]
[WhiteElo "2401"]
[BlackElo "2678"]

1.Nf3 Nf6 2.c4 g6 3.g3 Bg7 4.Bg2 O-O 5.Nc3 d6 6.O-O e5 7.d4 Nbd7 8.Be3 Ng4
9.Bg5 f6 10.Bd2 Kh8 11.Qc1 f5 12.Bg5 Ngf6 13.dxe5 Nxe5 14.Nxe5 dxe5 15.Rd1 Qe8
16.Nd5 Nxd5 17.cxd5 f4 18.Qxc7 Rf7 19.d6 f3 20.Bxf3 e4 21.Be7 exf3 22.exf3 Bd7
23.Qxb7 Rb8 24.Qxa7 Rxf3 25.Rd2 Ra8 26.Qb7 Rf5 27.a4 Rfa5 28.Re1 Rxa4 29.Rdd1 R4a7
30.Qf3 Kg8 31.Rc1 Qf7 32.Qxf7+ Kxf7 33.Bg5 Bf8 34.Be7 Bh6 35.Rc3 Ra1 36.Rxa1 Rxa1+
37.Kg2 Rb1 38.Rf3+ Ke8 39.Rb3 Bc6+ 40.Kh3 Bg7 41.Rb8+ Kf7 42.b4 Rb2  0-1

[Event "Nordeste IM 2013"]
[Site "Natal BRA"]
[Date "2013.09.04"]
[Round "8.3"]
[White "Pingas,B"]
[Black "Pinto,C"]
[Result "0-1"]
[WhiteElo "2259"]
[BlackElo "2075"]

1.c4 Nf6 2.g3 g6 3.Bg2 Bg7 4.Nf3 O-O 5.Nc3 d6 6.d3 Nbd7 7.O-O e5 8.Rb1 a5
9.a3 Re8 10.Ne1 Nf8 11.Bg5 h6 12.Bxf6 Bxf6 13.b4 axb4 14.axb4 Bg7 15.b5 Ne6
16.Nc2 Nc5 17.Ne3 f5 18.Ned5 Rb8 19.Na4 Ne6 20.Qd2 Bd7 21.Rfe1 Ra8 22.Nac3 Rf8
23.Nb4 Nc5 24.Qc2 Kh7 25.Nbd5 h5 26.e3 h4 27.f4 hxg3 28.hxg3 Rf7 29.Ra1 Rb8
30.Ra2 c6 31.Nb4 Qe8 32.Kf2 Re7 33.Rh1+ Kg8 34.Nd1 cxb5 35.Nd5 Rf7 36.Nc7 Qd8
37.Nxb5 Bxb5 38.cxb5 Rc8 39.Qb1 d5 40.Kf1 exf4 41.e4 Nxe4 42.Bxe4 fxe4 43.gxf4 Rfc7
44.Qb3 Rc1 45.Kg2 Qd7 46.Kg3 g5 47.fxg5 Qf5 48.Rh4 Qf3+ 49.Kh2 Rxd1 50.Qxd5+ Qf7
51.Qxe4 Qxa2+  0-1

[Event "TCh-ROU 2013"]
[Site "Mamaia ROU"]
[Date "2013.09.05"]
[Round "6.5"]
[White "Banusz,T"]
[Black "Dragomirescu,R"]
[Result "1-0"]
[WhiteElo "2595"]
[BlackElo "2368"]

1.Nf3 Nf6 2.c4 g6 3.g3 Bg7 4.Bg2 O-O 5.O-O d6 6.d4 c6 7.Nc3 Qa5 8.Bd2 Qh5
9.Qb3 e5 10.dxe5 dxe5 11.Ng5 h6 12.Nge4 Nxe4 13.Nxe4 Na6 14.Rfd1 b6 15.Qa4 Qxe2
16.Qxc6 Rb8 17.Re1 Bb7 18.Qxb7 Qxe1+ 19.Rxe1 Rxb7 20.Nf6+ Bxf6 21.Bxb7 Nc5
22.Bd5 Bg7 23.b4 Nd7 24.Bc3 Rc8 25.f4 b5 26.Rd1 Nb6 27.c5 Nxd5 28.Rxd5 exf4
29.Bxg7 Kxg7 30.gxf4 Rc7 31.Kf2 Kf6 32.Ke3 Ke7 33.Rd6 a5 34.a3 axb4 35.axb4 Ra7
36.Rb6 Ra2 37.h4 Rh2 38.Rxb5 Rxh4 39.Rb7+ Ke6 40.c6 g5 41.b5 Rxf4 42.c7  1-0

[Event "TCh-ROU w 2013"]
[Site "Mamaia ROU"]
[Date "2013.09.07"]
[Round "8.2"]
[White "Ionescu,I"]
[Black "Sandu,Mi"]
[Result "0-1"]
[WhiteElo "2229"]
[BlackElo "2254"]

1.Nf3 Nf6 2.c4 g6 3.g3 Bg7 4.Bg2 O-O 5.O-O d6 6.d4 Nc6 7.Nc3 a6 8.Bf4 Bd7
9.Qd3 Nh5 10.d5 Nxf4 11.gxf4 Nb4 12.Qd2 a5 13.e4 Bh6 14.Ne2 e5 15.a3 Na6
16.Qxa5 Nc5 17.Qb4 Nd3 18.Qc3 Nxf4 19.Nxf4 Bxf4 20.c5 g5 21.c6 bxc6 22.dxc6 Be6
23.Rfd1 g4 24.Nd2 h5 25.b4 h4 26.b5 Ra4 27.Nf1 Qf6 28.Rab1 Rfa8 29.b6 cxb6
30.Rxd6 Rxa3 31.Qb4 h3 32.Bh1 Bxh2+ 33.Nxh2 g3 34.Ng4 Qf4 35.Qxb6 Qxg4 36.Rd8+ Rxd8
37.Qxd8+ Kg7 38.f3 h2+ 39.Kf1 Rxf3+ 40.Ke1 Qxe4+ 41.Kd2 Rf2+  0-1

[Event "ch-Vienna State 2013"]
[Site "Vienna AUT"]
[Date "2013.09.08"]
[Round "2.2"]
[White "Kilgus,G"]
[Black "Weinzettl,E"]
[Result "1/2-1/2"]
[WhiteElo "2416"]
[BlackElo "2300"]

1.Nf3 Nf6 2.g3 g6 3.Bg2 Bg7 4.c4 O-O 5.d4 d6 6.O-O Nbd7 7.Nc3 e5 8.e4 c6
9.b3 exd4 10.Nxd4 Nc5 11.h3 Re8 12.Re1 Qb6 13.Be3 a5 14.Qc2 a4 15.Rab1 axb3
16.axb3 Qb4 17.Bd2 Qb6 18.Be3 Qb4 19.Bd2 Qb6 20.Be3 Qb4  1/2-1/2

[Event "Faergen Cup 2013"]
[Site "Allinge DEN"]
[Date "2013.09.09"]
[Round "3.4"]
[White "Zachariassen,J"]
[Black "Wihlborn,B"]
[Result "1/2-1/2"]
[WhiteElo "1900"]
[BlackElo "1811"]

1.c4 Nf6 2.Nf3 g6 3.g3 Bg7 4.Bg2 O-O 5.O-O c5 6.Nc3 Nc6 7.d3 d5 8.cxd5 Nxd5
9.Bd2 Nc7 10.Rb1 b6 11.Qc1 Re8 12.Bh6 Bh8 13.h4 Bb7 14.h5 Ne6 15.hxg6 hxg6
16.Ng5 Nxg5 17.Qxg5 Qd7 18.Kh2 Nd4 19.Bh3 e6 20.Rbd1 Rad8 21.Qg4 Qe7 22.Bg5 Bf6
23.Bc1 Kg7 24.Kg1 Rd7 25.Ne4 Bxe4 26.Qxe4 Red8 27.Bg2 Nf5  1/2-1/2

[Event "Faergen Cup 2013"]
[Site "Allinge DEN"]
[Date "2013.09.09"]
[Round "3.6"]
[White "Sorensen,B"]
[Black "Kristjansson,Si"]
[Result "1-0"]
[WhiteElo "2257"]
[BlackElo "1912"]

1.Nf3 Nf6 2.g3 g6 3.Bg2 Bg7 4.c4 O-O 5.Nc3 c6 6.d4 d5 7.cxd5 cxd5 8.Ne5 e6
9.O-O Nfd7 10.Nf3 Nc6 11.Bf4 Re8 12.Nb5 e5 13.dxe5 Ndxe5 14.Nxe5 Nxe5 15.Qxd5 a6
16.Nc3 Rb8 17.Rad1 Qe7 18.Qd2 Be6 19.Nd5 Bxd5 20.Qxd5 g5 21.Be3 b6 22.b3 h6
23.Qd6 Qe6 24.h3 Red8 25.Qxe6 fxe6 26.Be4 Kf7 27.f4 gxf4 28.gxf4 Nd7 29.f5 Nc5
30.fxe6+ Kxe6 31.Bf5+ Ke7 32.Bf4 Rxd1 33.Rxd1 Rd8 34.Rxd8 Kxd8 35.Kf2 a5
36.Bd3 Kc8 37.Kg3 Kb7 38.Kg4 Kc6 39.Kh5 Ne6 40.Bxh6 Be5 41.Kg6 Bg3 42.Kf5 Nc5
43.Bg7 b5 44.Kg4 Be1 45.h4 a4 46.bxa4 Nxa4 47.h5 Nc3 48.h6 Nxa2 49.h7  1-0

[Event "Faergen Cup 2013"]
[Site "Allinge DEN"]
[Date "2013.09.11"]
[Round "5.5"]
[White "Larsen,Arne Walther"]
[Black "Thjomoe,H"]
[Result "1-0"]
[WhiteElo "1873"]
[BlackElo "1862"]

1.Nf3 Nf6 2.c4 g6 3.g3 Bg7 4.Bg2 O-O 5.Nc3 d6 6.O-O e5 7.e4 Nc6 8.a3 a5 9.Rb1 h6
10.b4 axb4 11.axb4 Be6 12.d3 Ne7 13.h3 Qd7 14.Kh2 c6 15.Be3 g5 16.g4 Ng6
17.Ne2 Bxg4 18.hxg4 Nxg4+ 19.Kg1 f5 20.exf5 Rxf5 21.Ng3 Rf4 22.b5 Raf8 23.bxc6 bxc6
24.Rb6 Nxe3 25.fxe3 Rg4 26.Nh5 Rxg2+ 27.Kxg2 Qg4+ 28.Ng3 e4 29.dxe4 Be5 30.Nxe5 Nh4+
31.Kh2 Rf2+ 32.Rxf2 Qxd1  1-0

[Event "Faergen Cup 2013"]
[Site "Allinge DEN"]
[Date "2013.09.12"]
[Round "6.4"]
[White "Sorensen,B"]
[Black "Petersson,G"]
[Result "1-0"]
[WhiteElo "2257"]
[BlackElo "2167"]

1.Nf3 Nf6 2.g3 g6 3.Bg2 Bg7 4.c4 O-O 5.Nc3 d6 6.O-O Nc6 7.d3 Nh5 8.Ne1 f5
9.f4 e5 10.Bd2 Kh8 11.Rb1 Ne7 12.e3 c6 13.b4 Be6 14.b5 exf4 15.exf4 d5 16.bxc6 bxc6
17.Qe2 Bg8 18.Nf3 Nf6 19.Rfe1 Re8 20.Ne5 Qc7 21.cxd5 Nexd5 22.Na4 Ng4 23.d4 Qd6
24.h3 Nxf4 25.gxf4 Qxd4+ 26.Kh1 Nf2+ 27.Kh2 Ne4 28.Bxe4 fxe4 29.Rb4 Qd6 30.Rxe4 Red8
31.Bb4 Qf6 32.Be7  1-0

[Event "FSGM Sept 2013"]
[Site "Budapest HUN"]
[Date "2013.09.12"]
[Round "5.4"]
[White "Lizak,P"]
[Black "Szabo,Krisz1"]
[Result "1/2-1/2"]
[WhiteElo "2408"]
[BlackElo "2561"]

1.Nf3 Nf6 2.c4 g6 3.g3 Bg7 4.Bg2 O-O 5.O-O d6 6.Nc3 Nc6 7.a3 e5 8.d3 a5 9.Rb1 h6
10.b4 axb4 11.axb4 Be6 12.b5 Ne7 13.Bb2 Qd7 14.Qb3 Bh3 15.Ra1 Rab8 16.Ra7 Nh5
17.Ba3 Bxg2 18.Kxg2 Kh7 19.Nd5 f5 20.Nd2 Ng8 21.f3 f4  1/2-1/2

[Event "Faergen Cup 2013"]
[Site "Allinge DEN"]
[Date "2013.09.16"]
[Round "9.12"]
[White "Zachariassen,J"]
[Black "Thjomoe,H"]
[Result "1-0"]
[WhiteElo "1900"]
[BlackElo "1862"]

1.c4 Nf6 2.Nf3 g6 3.g3 Bg7 4.Bg2 O-O 5.O-O d6 6.Nc3 c5 7.d3 Nc6 8.Rb1 a5
9.Bd2 Bd7 10.h3 Re8 11.a3 Nd4 12.Ng5 Bc6 13.Nge4 Rc8 14.e3 Nf5 15.Qe1 e6
16.f4 b6 17.g4 Ne7 18.Nxf6+ Bxf6 19.e4 Bd4+ 20.Kh1 f5 21.Ne2 Bg7 22.b4 axb4
23.axb4 Ra8 24.gxf5 gxf5 25.Rg1 Ng6 26.Qf1 Ra3 27.bxc5 bxc5 28.Ng3 Nh4 29.Nh5 Re7
30.Be1 Nxg2 31.Qxg2 Qf8 32.Rb6 Be8 33.Rb8 Raa7 34.Bc3 e5 35.fxe5 dxe5 36.Qg5 Kh8
37.Nxg7 fxe4 38.Nf5 exd3 39.Nxe7 Qf3+ 40.Qg2 Qxg2+ 41.Kxg2 Rxe7 42.Kf2  1-0

[Event "TCh-CRO Ia Liga 2013"]
[Site "Bol CRO"]
[Date "2013.09.16"]
[Round "3.2"]
[White "Petrov,J"]
[Black "Orak,L"]
[Result "1-0"]
[WhiteElo "2416"]
[BlackElo "2301"]

1.Nf3 Nf6 2.c4 g6 3.g3 Bg7 4.Bg2 O-O 5.O-O d6 6.d4 Nc6 7.Nc3 a6 8.Re1 Rb8
9.Rb1 Na5 10.Qd3 b5 11.cxb5 axb5 12.b4 Nc4 13.d5 e5 14.e4 Ba6 15.a4 Qd7 16.axb5 Bxb5
17.Nxb5 Qxb5 18.Bf1  1-0

[Event "XV Villa Martelli ITT"]
[Site "Villa Martelli ARG"]
[Date "2013.09.18"]
[Round "4.4"]
[White "Trois,F"]
[Black "Perez,Max"]
[Result "0-1"]
[WhiteElo "2251"]
[BlackElo "2277"]

1.Nf3 Nf6 2.c4 g6 3.g3 Bg7 4.Bg2 O-O 5.O-O d6 6.d4 Nc6 7.Nc3 a6 8.h3 Rb8
9.a4 a5 10.e4 e5 11.Be3 Nd7 12.Rc1 exd4 13.Nxd4 Nce5 14.Qe2 Nc5 15.Rfd1 Ned7
16.Qc2 c6 17.Nde2 Qc7 18.b3 Re8 19.g4 Bf8 20.Rb1 b6 21.Ng3 Ne6 22.Qd2 f6
23.f4 Qd8 24.h4 Ng7 25.g5 Bb7 26.Kh2 Qe7 27.Re1 Rbd8 28.Qf2 fxg5 29.hxg5 Ne6
30.Rf1 Bg7 31.Qd2 Nec5 32.Bd4 Bxd4 33.Qxd4 Ne6 34.Qd2 Rf8 35.Bh3 Ndc5 36.Nge2 Rf7
37.Qe3 Rdf8 38.Qg3 Ng7 39.Qe3 Re8 40.Ng3 Bc8 41.Bxc8 Rxc8 42.Rf3 Rcf8 43.Kg2 Nge6
44.Rbf1 Nxb3 45.Nce2 Nbc5 46.Nc3 Qd8 47.Nge2 Ng7 48.Ng3 Nce6 49.R3f2 Nc5
50.Qd4 Re8 51.Rd1 Nge6 52.Qe3 Ref8 53.Rdf1 Na6 54.Nge2 Nb4 55.Nd4 Nxd4 56.Qxd4 Rxf4  0-1

[Event "TCh-CRO Ia Liga 2013"]
[Site "Bol CRO"]
[Date "2013.09.19"]
[Round "6.4"]
[White "Palac,M"]
[Black "Popovic,Du"]
[Result "1/2-1/2"]
[WhiteElo "2562"]
[BlackElo "2568"]

1.Nf3 Nf6 2.c4 g6 3.g3 Bg7 4.Bg2 O-O 5.O-O d6 6.d4 c6 7.Nc3 Qb6 8.c5 dxc5
9.Na4 Qb5 10.Nxc5 Na6 11.a4 Qb6 12.Nxa6 Qxa6 13.b3 Bf5 14.Ba3 Rfe8  1/2-1/2

[Event "TCh-CRO Ia Liga 2013"]
[Site "Bol CRO"]
[Date "2013.09.20"]
[Round "7.4"]
[White "Gonda,L"]
[Black "Rezan,S"]
[Result "1-0"]
[WhiteElo "2524"]
[BlackElo "2456"]

1.Nf3 Nf6 2.c4 g6 3.g3 Bg7 4.Bg2 O-O 5.d4 c5 6.d5 d6 7.Nc3 Na6 8.O-O Nc7
9.a4 b6 10.e4 a6 11.Re1 Rb8 12.Bf1 e5 13.Bg5 h6 14.Bd2 Bd7 15.a5 b5 16.b4 cxb4
17.Na2 b3 18.Qxb3 bxc4 19.Qxc4 Bg4 20.Nh4 Nb5 21.Nb4 Nd4 22.Nc6 Qd7 23.Nxb8 Rxb8
24.Be3 Rc8 25.Qa4 Nc2 26.Qxd7 Bxd7 27.Bxa6 Ra8 28.Bb7 Rxa5 29.Rxa5 Nxe1 30.f3 g5
31.Kf2 Nd3+ 32.Ke2 gxh4 33.Ra8+ Kh7 34.Kxd3 hxg3 35.hxg3 Bb5+ 36.Kd2 Nh5
37.Bc6 Bc4 38.Ra4 Bf1 39.Ke1 Bd3 40.Ra3 Bc4 41.Kf2 Bf6 42.Ra7  1-0

[Event "9th Highlands Open"]
[Site "Trebic CZE"]
[Date "2013.09.21"]
[Round "1"]
[White "Dvorak,Li"]
[Black "Feldvabl,Vilem"]
[Result "1-0"]
[WhiteElo "2079"]
[BlackElo "1783"]

1.Nf3 Nf6 2.c4 g6 3.g3 Bg7 4.Bg2 O-O 5.O-O d6 6.Nc3 c5 7.d4 cxd4 8.Nxd4 a6
9.b3 Nbd7 10.h3 Rb8 11.Be3 h6 12.Rc1 e5 13.Nc2 Ne8 14.c5 Qf6 15.Ne4 Qe6 16.Nxd6 Nxd6
17.cxd6 Nf6 18.Ba7 Ra8 19.Bb6 Nd7 20.Ba5 Ra7 21.Ne3 b6 22.Bb4 Bb7 23.Nd5 Bxd5
24.Qxd5 Re8 25.Qxe6 fxe6 26.Rc7 Rxc7 27.dxc7 Nc5 28.Bxc5  1-0

[Event "XXI Vallfogona Rapid Open"]
[Site "Vallfogona de Balaguer ESP"]
[Date "2013.09.21"]
[Round "2.8"]
[White "Ventura Bolet,M"]
[Black "Lorenzo de la Riva,L"]
[Result "0-1"]
[WhiteElo "2075"]
[BlackElo "2427"]

1.Nf3 Nf6 2.c4 g6 3.g3 Bg7 4.Bg2 O-O 5.Nc3 c6 6.d4 d5 7.cxd5 cxd5 8.O-O Nc6
9.Bf4 Ne4 10.Ne5 Nxc3 11.bxc3 Nxe5 12.dxe5 Be6 13.Rb1 b6 14.Qd2 Qc7 15.Bxd5 Rad8
16.c4 Bxe5  0-1

[Event "Dnipropetrovsk A 2013"]
[Site "Dnipropetrovsk UKR"]
[Date "2013.09.22"]
[Round "9.1"]
[White "Tsirulnik,Mari"]
[Black "Balaian,Ali"]
[Result "0-1"]
[WhiteElo "2174"]
[BlackElo "2226"]

1.c4 Nf6 2.Nf3 g6 3.g3 Bg7 4.Bg2 O-O 5.Nc3 d5 6.cxd5 Nxd5 7.O-O Nb6 8.d3 a5
9.Be3 c6 10.Qd2 Re8 11.Rab1 Na6 12.Bh6 Bh8 13.Ng5 e5 14.Nge4 Be6 15.f4 f5
16.Bg5 Qd4+ 17.e3 Qd7 18.Nf6+ Bxf6 19.Bxf6 e4 20.Rfd1 Kf7 21.Bd4 c5 22.Be5 Red8
23.g4 exd3 24.Qf2 Nc4 25.gxf5 gxf5 26.Qh4 Nxe5 27.Qxh7+ Ke8 28.Qh8+ Kf7 29.Qxe5 Rg8
30.Kh1 Rad8 31.e4 Rde8 32.exf5 Bxa2 33.Nxa2 Rxe5 34.fxe5 Qd4 35.e6+ Ke7 36.Nc3 Rxg2
37.Kxg2 Qg4+ 38.Kh1 Qf3+ 39.Kg1 Qxf5 40.Rf1 Qg6+ 41.Kh1 Kxe6 42.Rg1 Qh5 43.Rbe1+ Kd6
44.Re3 c4 45.Reg3 Nc5 46.Nb5+ Kc6 47.Nc3 Ne6 48.Rf1 b5 49.Rf6 b4 50.Rxe6+ Kd7
51.Ra6 Kc8 52.Ra7 Kb8 53.Re7 Qh8 54.Nd1 Qf8 55.Re1 Kb7 56.Kg2 Kc6 57.Rf1 Qe7
58.Rf5 Qe4+ 59.Rgf3 Qg4+ 60.Kf1 d2 61.R5f4 Qg8 62.Rd4 Kb5 63.Rxd2 Qg4 64.Rdf2 Qd4
65.Ne3 Qd3+ 66.Kg2 Qg6+ 67.Rg3 Qe4+ 68.Kg1 c3 69.bxc3 b3 70.Rf5+ Kc6 71.Rf6+ Kd7
72.Rg7+ Ke8 73.Nf1 b2 74.Rh6 Kf8 75.Rc7 Qg4+ 76.Kh1 Qe4+ 77.Kg1 Qg4+ 78.Kh1 Kg8
79.Rb6 Qe4+ 80.Kg1 b1=Q 81.Rc8+ Kf7 82.Rc7+ Ke8 83.Rxb1 Qxb1 84.Ra7 Qb6+  0-1

[Event "TCh-FIN SM 2013-14"]
[Site "Tampere FIN"]
[Date "2013.09.22"]
[Round "2.7"]
[White "Kytoniemi,J"]
[Black "Ponnio,Toni"]
[Result "1/2-1/2"]
[WhiteElo "2261"]
[BlackElo "2008"]

1.Nf3 Nf6 2.g3 g6 3.Bg2 Bg7 4.c4 O-O 5.O-O d5 6.Na3 c6 7.Qb3 a6 8.d4 e6 9.Qd3 b5
10.b3 Nbd7 11.Bf4 Ne4 12.Ne5 Nxe5 13.Bxe5 f6 14.Bf4 Qe7 15.Nc2 Nd6 16.cxd5 cxd5
17.Rfc1 Bb7 18.a4 bxa4 19.Rxa4 Nb5 20.Bd2 Rfc8 21.Raa1 Qd7 22.Na3 Rxc1+ 23.Bxc1 Rc8
24.Bb2 Bf8 25.Nxb5 axb5 26.e3 Ra8 27.Rxa8 Bxa8 28.Bf1 b4 29.Qa6 Qc6 30.Qxc6 Bxc6
31.Bd3 f5 32.h4 Be7 33.f4 h5 34.Kf2 Kf7 35.Be2 Bd7 36.Bd3 Bd6 37.Kf3 Bc6
38.Kf2 Bd7 39.Kf3 Bc6 40.Kf2  1/2-1/2

[Event "Baku Open 2013"]
[Site "Baku AZE"]
[Date "2013.09.23"]
[Round "5.13"]
[White "Pantsulaia,L"]
[Black "Aghayev,M"]
[Result "1-0"]
[WhiteElo "2596"]
[BlackElo "2309"]

1.Nf3 Nf6 2.g3 g6 3.Bg2 Bg7 4.c4 O-O 5.O-O d5 6.Qc2 dxc4 7.Na3 Bf5 8.Qxc4 Nc6
9.d3 Nd7 10.Qh4 e5 11.Bg5 f6 12.Qc4+ Kh8 13.Bd2 Nb6 14.Qc2 Be6 15.b4 a6 16.b5 axb5
17.Nxb5 Na4 18.Rfd1 Qd7 19.Be1 f5 20.Rac1 Nb6 21.a3 Bf6 22.Nd2 Ra5 23.Qb1 Qf7
24.Bxc6 bxc6 25.Rxc6 Qd7 26.Rdc1 Bd5 27.Nxc7 Bxc6 28.Qxb6 Rxa3 29.Rxc6 Ra1
30.Nf3 Bg7 31.Rc4 e4 32.dxe4 fxe4 33.Rxe4 g5 34.Ne6 g4 35.Nxf8 gxf3 36.exf3 Bxf8
37.Qb8  1-0

[Event "12th Forchheim Open A 2013"]
[Site "Forchheim GER"]
[Date "2013.09.29"]
[Round "4.3"]
[White "Walter,F"]
[Black "Grimberg,B"]
[Result "0-1"]
[WhiteElo "2127"]
[BlackElo "2377"]

1.c4 Nf6 2.Nf3 g6 3.g3 Bg7 4.Bg2 O-O 5.O-O d6 6.Nc3 e5 7.d3 Nc6 8.Nd2 h6
9.Rb1 a5 10.a3 Be6 11.Nd5 Rb8 12.b4 axb4 13.axb4 Kh7 14.b5 Ne7 15.e4 Qd7
16.Ba3 b6 17.Qb3 Nh5 18.Ra1 f5 19.Bb2 f4 20.Ra7 Nxd5 21.cxd5 Bh3 22.Rc1 fxg3
23.hxg3 Bxg2 24.Kxg2 Qg4 25.Rcxc7 Qe2 26.Rf7 Qxd2 27.Ba3 Rxf7 28.Rxf7 Rd8
29.Qc4 Qg5 30.Qc7 Ra8 31.Bxd6 Nf4+ 32.Rxf4 exf4 33.Qxb6 fxg3 34.Bxg3 Ra1
35.d6 Qh5 36.Bh2 Qg4+ 37.Bg3 Qd1 38.Bh2 Qf1+ 39.Kf3 Qh1+ 40.Ke3 Qxh2 41.d7 Qh3+  0-1

[Event "Oslo Int Open 2013"]
[Site "Oslo NOR"]
[Date "2013.09.29"]
[Round "1"]
[White "Hauge,Lars Oskar"]
[Black "Turov,M"]
[Result "1-0"]
[WhiteElo "2282"]
[BlackElo "2586"]

1.Nf3 Nf6 2.c4 g6 3.g3 Bg7 4.Bg2 O-O 5.O-O d5 6.cxd5 Nxd5 7.Nc3 Nc6 8.d4 Nb6
9.e3 Re8 10.Qe2 e5 11.Nxe5 Nxe5 12.dxe5 Bxe5 13.Rd1 Qe7 14.e4 Be6 15.Be3 Nc4
16.Bd4 Rad8 17.Bxe5 Nxe5 18.Nd5 Bxd5 19.exd5 Qd6 20.Rac1 Re7 21.Qc2 f5 22.Qa4 Qb6
23.Qd4 Nf7 24.Qf4 Rde8 25.h4 Nd6 26.Rd2 Re1+ 27.Rxe1 Rxe1+ 28.Kh2 Nf7 29.d6 Nxd6
30.Qh6 Re5 31.Qf4 Re7 32.Qg5 Kf8 33.Qf6+ Ke8 34.h5 gxh5 35.Qg5 Qb4 36.Qxh5+ Kd8
37.Qg5 Ke8 38.Bf3 Qc5 39.Bxb7 Qc4 40.Qh5+ Qf7 41.Bc6+ Kf8 42.Qxf7+ Kxf7 43.Rc2 Kf6
44.Kg2 Re5 45.b3 Re1 46.Bf3 Ra1 47.a4 Ne8 48.Be2 Rb1 49.Rc6+ Ke5 50.Bc4 Nd6
51.Rxc7 Nxc4 52.bxc4 Rb4 53.a5 h5 54.a6 Ra4 55.Rxa7 Rxc4 56.Ra8  1-0

[Event "Oslo Int Open 2013"]
[Site "Oslo NOR"]
[Date "2013.09.29"]
[Round "7"]
[White "Kvisla,J"]
[Black "Dolzhikova,O"]
[Result "1/2-1/2"]
[WhiteElo "2157"]
[BlackElo "2237"]

1.c4 Nf6 2.Nf3 g6 3.g3 Bg7 4.Bg2 O-O 5.O-O c6 6.d4 d5 7.cxd5 cxd5 8.Nc3 Nc6
9.Bf4 a6 10.Rc1 Bg4  1/2-1/2

[Event "Oslo Int Open 2013"]
[Site "Oslo NOR"]
[Date "2013.09.30"]
[Round "2"]
[White "Groenn,A"]
[Black "Vea,O"]
[Result "1-0"]
[WhiteElo "2372"]
[BlackElo "2226"]

1.Nf3 Nf6 2.c4 g6 3.g3 Bg7 4.Bg2 O-O 5.O-O d6 6.d4 Nc6 7.d5 Na5 8.Nfd2 c5
9.Nc3 a6 10.Qc2 Rb8 11.b3 b5 12.Bb2 e5 13.Rae1 Bh6 14.f4 Ng4 15.Nd1 exf4
16.Qc3 f6 17.gxf4 Bg7 18.h3 Nh6 19.e4 bxc4 20.bxc4 Rf7 21.Kh1 Qb6 22.Qc2 Qc7
23.Bc3 Bd7 24.Nb2 Nb7 25.Nd3 Qc8 26.Kh2 Re7 27.Rb1 Nd8 28.Rxb8 Qxb8 29.Rb1 Qc7
30.Qb2 f5 31.Bxg7 Rxg7 32.Qb6 Ba4 33.Qxc7 Rxc7 34.Rb8 Nf7 35.e5 Rb7 36.Ra8  1-0